Urban Japan : its foundations and growth /

Bibliographic Details
Main Author: Kornhauser, David Henry, 1918-
Format: Book
Language:English
Published: London ; New York : Longman, 1976.
Series:World's landscapes.
Subjects:

MARC

Tag First Indicator Second Indicator Subfields
LEADER 00000pam a2200000 i 4500
001 in00000599021
005 20151014102247.0
008 750607s1976 enka b 00110 eng
010 |a  75017907  
020 |z 0582481732. 
020 |a 0582481767 (pbk.) 
035 |a (OCoLC)01502477 
035 |9 ACR6046AM 
040 |a DLC  |c DLC  |d TXA  |d UtOrBLW 
043 |a a-ja--- 
049 |a TXAM  |c [1359631] 
050 0 0 |a GF125  |b .K67 
082 0 |a 301.36/0952 
100 1 |a Kornhauser, David Henry,  |d 1918- 
245 1 0 |a Urban Japan :  |b its foundations and growth /  |c David Kornhauser ; with a foreword by J. M. Houston. 
264 1 |a London ;  |a New York :  |b Longman,  |c 1976. 
300 |a xiii, 180 pages :  |b illustrations ;  |c 23 cm. 
336 |a text  |b txt  |2 rdacontent 
337 |a unmediated  |b n  |2 rdamedia 
338 |a volume  |b nc  |2 rdacarrier 
490 1 |a The World's landscapes 
500 |a Includes index. 
504 |a Bibliography: pages 160-165. 
650 0 |a Cities and towns  |z Japan. 
650 0 |a Human ecology. 
830 0 |a World's landscapes. 
999 |a MARS 
999 f f |s 1d39b31e-8b0c-373f-aa03-a4daa0ef9a72  |i 0cd36cfc-1d3b-3f22-8987-b96f10bc9062  |t 0 
952 f f |p ric  |a Texas A&M University  |b Rellis Campus  |c Joint Library Facility  |d Remote Storage  |t 0  |e GF125 .K67  |h Library of Congress classification  |i unmediated -- volume  |m A14802410884 
998 f f |a GF125 .K67  |t 0  |l Remote Storage